[Event "Berlin-ch Seniors op 27th"]
[White "Barnack, Gerd"]
[Black "Becker, Lothar"]
[Site "Berlin"]
[Round "4"]
[Result "0-1"]
[Date "2011.02.01"]
[WhiteElo "1806"]
[BlackElo "2070"]
[PlyCount "56"]
[EventDate "2011.01.29"]
[EventType "swiss"]
[EventRounds "9"]
[EventCountry "GER"]
[SourceTitle "EXT 2012"]
[Source "ChessBase"]
[SourceDate "2011.11.24"]
[SourceVersion "1"]
[SourceVersionDate "2011.11.24"]
[SourceQuality "1"]

1. g4 d5 2. Bg2 Bxg4 3. c4 dxc4 4. Bxb7 Nd7 5. Qa4 Rb8 6. Bf3 Bf5 7. Nc3 e5 8. Qxc4 Bd6 9. Nb5 Ne7 10. Nxa7 e4 11. Bg2 Rb4 12. Qc2 Qa8 13. Nh3 Qxa7 14. 0-0 Qc5 15. Qxc5 Nxc5 16. b3 0-0 17. Bb2 Ne6 18. Rfe1 Ng6 19. Ba3 Rbb8 20. Bxd6 cxd6 21. e3 Nh4 22. f4 Nc5 23. Nf2 Nxg2 24. Kxg2 Nd3 25. Nxd3 exd3 26. Rac1 Rfc8 27. Rc3 Rxc3 28. dxc3 Bg4 0-1

[Event "Berlin-ch Seniors op 26th"]
[White "Petkov, Peter"]
[Black "Barnack, Gerd"]
[Site "Berlin"]
[Round "9"]
[Result "1-0"]
[Date "2010.02.17"]
[WhiteElo "1918"]
[BlackElo "1808"]
[PlyCount "67"]
[EventDate "2010.02.09"]
[EventType "swiss"]
[EventRounds "9"]
[EventCountry "GER"]
[SourceTitle "EXT 2012"]
[Source "ChessBase"]
[SourceDate "2011.11.24"]
[SourceVersion "1"]
[SourceVersionDate "2011.11.24"]
[SourceQuality "1"]

1. Nf3 g6 2. g3 Bg7 3. Bg2 Nf6 4. 0-0 0-0 5. c4 d6 6. Nc3 Nc6 7. d3 e5 8. Bd2 h6 9. Rb1 Ne7 10. b4 Ne8 11. Ne1 f5 12. Nc2 Nf6 13. b5 c6 14. bxc6 bxc6 15. Nb4 d5 16. cxd5 cxd5 17. Qa4 Kh7 18. Rfc1 a5 19. Nc6 Nxc6 20. Qxc6 Ra6 21. Qb5 Rd6 22. Qc5 Be6 23. Nb5 Ra6 24. Nc7 Nd7 25. Nxe6 Rxe6 26. Qxd5 Rfe8 27. Rb7 Nf6 28. Qxd8 Rxd8 29. Bxa5 Rd7 30. Rxd7 Nxd7 31. Rc6 Re8 32. Rc7 Nf6 33. Bb4 Kh8 34. Bb7 1-0

[Event "Berlin-ch Seniors op 26th"]
[White "Barnack, Gerd"]
[Black "Prix, Siegfried"]
[Site "Berlin"]
[Round "4"]
[Result "1-0"]
[Date "2010.02.12"]
[WhiteElo "1808"]
[BlackElo "1640"]
[PlyCount "43"]
[EventDate "2010.02.09"]
[EventType "swiss"]
[EventRounds "9"]
[EventCountry "GER"]
[SourceTitle "EXT 2012"]
[Source "ChessBase"]
[SourceDate "2011.11.24"]
[SourceVersion "1"]
[SourceVersionDate "2011.11.24"]
[SourceQuality "1"]

1. c4 e5 2. g3 Nf6 3. Bg2 Nc6 4. Nc3 d6 5. Nf3 Be7 6. 0-0 0-0 7. a3 Be6 8. d3 Qc8 9. Ng5 Bd7 10. Rb1 h6 11. Nf3 Bh3 12. b4 Bxg2 13. Kxg2 a6 14. e4 Qe6 15. Nd5 Qc8 16. h3 Bd8 17. b5 axb5 18. cxb5 Nxd5 19. bxc6 Nc3 20. cxb7 Nxd1 21. bxc8Q Rxc8 22. Rxd1 1-0

[Event "Berlin-ch Seniors op 25th"]
[White "Rehder, Frank"]
[Black "Barnack, Gerd"]
[Site "Berlin"]
[Round "7"]
[Result "0-1"]
[Date "2009.02.18"]
[WhiteElo "1873"]
[BlackElo "1794"]
[PlyCount "74"]
[EventDate "2009.02.12"]
[EventType "swiss"]
[EventRounds "9"]
[EventCountry "GER"]
[SourceTitle "EXT 2022"]
[Source "ChessBase"]
[SourceDate "2021.10.06"]
[SourceVersion "1"]
[SourceVersionDate "2021.10.06"]
[SourceQuality "1"]

1. d4 g6 2. Nf3 Bg7 3. c4 d6 4. Nc3 Nf6 5. e4 0-0 6. Be2 Nc6 7. 0-0 e5 8. d5 Ne7 9. Ne1 c6 10. Be3 Ne8 11. f4 cxd5 12. cxd5 exf4 13. Rxf4 f5 14. Rf1 Nf6 15. exf5 Nxf5 16. Bf2 Re8 17. Nc2 Qa5 18. Qd3 Bd7 19. Bf3 a6 20. Rfe1 Ne7 21. h3 b5 22. a3 Rac8 23. Nb4 Bf5 24. Qd2 Rc4 25. Kh1 Kf8 26. Re2 Rxb4 27. Na2 Ra4 28. b4 Qd8 29. g4 Rxa3 30. gxf5 Rxf3 31. fxg6 Nxg6 32. Rae1 Rxh3+ 33. Kg2 Rh5 34. Rf1 Qd7 35. Re6 Rxd5 36. Rxf6+ Bxf6 37. Qh6+ Kg8 0-1

[Event "Berlin-ch Seniors op 25th"]
[White "Barnack, Gerd"]
[Black "Metzger, Eberhard"]
[Site "Berlin"]
[Round "6"]
[Result "1-0"]
[Date "2009.02.17"]
[WhiteElo "1794"]
[BlackElo "1961"]
[PlyCount "99"]
[EventDate "2009.02.12"]
[EventType "swiss"]
[EventRounds "9"]
[EventCountry "GER"]
[SourceTitle "EXT 2022"]
[Source "ChessBase"]
[SourceDate "2021.10.06"]
[SourceVersion "1"]
[SourceVersionDate "2021.10.06"]
[SourceQuality "1"]

1. g4 d5 2. Bg2 Bxg4 3. c4 c6 4. cxd5 cxd5 5. Qb3 e6 6. Qa4+ Nc6 7. Qxg4 Nf6 8. Qa4 Bd6 9. Nf3 0-0 10. 0-0 Qc7 11. d3 b5 12. Qh4 Ne5 13. Nxe5 Bxe5 14. d4 Bd6 15. Nc3 Qc4 16. e4 b4 17. Na4 dxe4 18. Be3 Qb5 19. b3 Qf5 20. Nc5 Qg4 21. Qxg4 Nxg4 22. Bxe4 Rac8 23. Rfc1 Bxh2+ 24. Kg2 Bd6 25. Nd7 Rfd8 26. Nc5 f5 27. Bf3 Nxe3+ 28. fxe3 Bxc5 29. Rxc5 Rxc5 30. dxc5 Rd2+ 31. Kg3 Rc2 32. c6 Kf7 33. Rd1 Kf6 34. Rd7 h5 35. Rc7 g5 36. Bxh5 g4 37. Be8 Rc3 38. Kf2 Ke5 39. Rg7 Kd6 40. Rd7+ Ke5 41. Bf7 a5 42. c7 Rc2+ 43. Kg3 Rc3 44. Kh4 Rc1 45. Re7 Kd6 46. Bxe6 Kxe7 47. c8Q Rxc8 48. Bxc8 Kf6 49. Kg3 Ke5 50. Bb7 1-0

[Event "Berlin-ch Seniors op 25th"]
[White "Barnack, Gerd"]
[Black "Windmueller, Werner"]
[Site "Berlin"]
[Round "4.44"]
[Result "1-0"]
[Date "2009.02.15"]
[WhiteElo "1794"]
[BlackElo "1605"]
[PlyCount "117"]
[EventDate "2009.02.12"]
[EventType "swiss"]
[EventRounds "9"]
[EventCountry "GER"]
[SourceTitle "EXT 2022"]
[Source "ChessBase"]
[SourceDate "2021.10.06"]
[SourceVersion "1"]
[SourceVersionDate "2021.10.06"]
[SourceQuality "1"]

1. g4 d5 2. Bg2 e5 3. c4 c6 4. cxd5 cxd5 5. Qb3 Ne7 6. Nc3 e4 7. d3 exd3 8. Bf4 d2+ 9. Kf1 Nbc6 10. Nb5 Ng6 11. Nc7+ Ke7 12. Nxd5+ Ke8 13. Nc7+ Ke7 14. Nd5+ Ke8 15. Bxd2 Bd6 16. Nb4 Na5 17. Qd3 Nf4 18. Bxf4 Bxb4 19. Qb5+ Nc6 20. Bxc6+ bxc6 21. Qxb4 Bxg4 22. Qe4+ Be6 23. Qxc6+ Kf8 24. Qd6+ Qxd6 25. Bxd6+ Ke8 26. e4 f6 27. b3 Kf7 28. Rc1 Rhc8 29. Ne2 Bh3+ 30. Ke1 Bg2 31. Rg1 Bxe4 32. Nc3 Bf3 33. Rg3 Re8+ 34. Kf1 Bb7 35. Nb5 Rec8 36. Rgc3 Rxc3 37. Rxc3 Ba6 38. a4 Rd8 39. Rc6 Bxb5+ 40. axb5 Rd7 41. Rc7 Ke6 42. Rxd7 Kxd7 43. Bb8 h6 44. Bxa7 f5 45. b4 g5 46. f3 h5 47. h3 Kc7 48. Kg2 Kb7 49. Bc5 g4 50. fxg4 hxg4 51. hxg4 fxg4 52. Kg3 Kc7 53. Kxg4 Kb7 54. Kf5 Kc7 55. Ke6 Kc8 56. Kd6 Kb7 57. Kd7 Kb8 58. b6 Kb7 59. b5 1-0

[Event "Berlin-ch Seniors op 24th"]
[White "Barwich, Alfred"]
[Black "Barnack, Gerd"]
[Site "Berlin"]
[Round "6"]
[Result "1-0"]
[Date "2008.02.26"]
[WhiteElo "1919"]
[BlackElo "1831"]
[PlyCount "56"]
[EventDate "2008.02.21"]
[EventType "swiss"]
[EventRounds "9"]
[EventCountry "GER"]
[SourceTitle "EXT 2022"]
[Source "ChessBase"]
[SourceDate "2021.10.06"]
[SourceVersion "1"]
[SourceVersionDate "2021.10.06"]
[SourceQuality "1"]

1. d4 d6 2. Bf4 g6 3. h3 Bg7 4. Nf3 Nf6 5. e3 0-0 6. Nbd2 Nc6 7. c3 Nd5 8. Bh2 e5 9. e4 Nf4 10. Bxf4 exf4 11. Bd3 g5 12. Qc2 h6 13. 0-0-0 a6 14. g4 fxg3 15. fxg3 Rb8 16. g4 b5 17. Nb3 Qf6 18. Rdf1 b4 19. Ne5 Nxe5 20. Rxf6 Nxd3+ 21. Qxd3 Bxf6 22. Rf1 Bg7 23. c4 c5 24. e5 cxd4 25. exd6 Be6 26. Nxd4 Bxc4 27. Qxc4 Rbc8 28. Nc6 Kh8 1-0

[Event "Berlin-ch Seniors op 24th"]
[White "Engelhardt, Erhard"]
[Black "Barnack, Gerd"]
[Site "Berlin"]
[Round "4"]
[Result "0-1"]
[Date "2008.02.24"]
[WhiteElo "1603"]
[BlackElo "1831"]
[PlyCount "93"]
[EventDate "2008.02.21"]
[EventType "swiss"]
[EventRounds "9"]
[EventCountry "GER"]
[SourceTitle "EXT 2022"]
[Source "ChessBase"]
[SourceDate "2021.10.06"]
[SourceVersion "1"]
[SourceVersionDate "2021.10.06"]
[SourceQuality "1"]

1. f4 g6 2. Nf3 Bg7 3. e3 d6 4. Be2 Nc6 5. 0-0 Nf6 6. d3 0-0 7. Qe1 Bd7 8. c3 e5 9. fxe5 dxe5 10. e4 Ne8 11. Bg5 f6 12. Be3 Be6 13. Nbd2 a5 14. b3 b6 15. d4 exd4 16. cxd4 Bf7 17. Rc1 Ne7 18. Qg3 f5 19. e5 Nd5 20. Bg5 Qd7 21. Nc4 Be6 22. Bf4 Bh8 23. Rfd1 Bg7 24. h4 Rb8 25. Kf2 Kh8 26. Rd2 c6 27. Rh1 Nec7 28. h5 Nxf4 29. Qxf4 Nd5 30. Qh4 g5 31. Nxg5 Bh6 32. Nxe6 Qxe6 33. Rc2 Rg8 34. Bf3 Bg5 35. Qh2 Rbd8 36. Rd1 b5 37. Bxd5 Qxd5 38. Nd6 Bf4 39. Qg1 Rg3 40. Rc5 Qg8 41. Re1 a4 42. Qf1 axb3 43. axb3 Qxb3 44. Qe2 Rxg2+ 45. Kxg2 Rg8+ 46. Kf2 Qg3+ 47. Kf1 0-1

[Event "Berlin-ch Seniors op 24th"]
[White "Barnack, Gerd"]
[Black "Kuehnast, Joerg"]
[Site "Berlin"]
[Round "3"]
[Result "0-1"]
[Date "2008.02.23"]
[WhiteElo "1831"]
[BlackElo "1697"]
[PlyCount "56"]
[EventDate "2008.02.21"]
[EventType "swiss"]
[EventRounds "9"]
[EventCountry "GER"]
[SourceTitle "EXT 2022"]
[Source "ChessBase"]
[SourceDate "2021.10.06"]
[SourceVersion "1"]
[SourceVersionDate "2021.10.06"]
[SourceQuality "1"]

1. g4 d5 2. Bg2 Bxg4 3. c4 Be6 4. Qb3 Bc8 5. cxd5 Nd7 6. d4 Nb6 7. Nc3 e6 8. dxe6 Bxe6 9. d5 Bd7 10. Bf4 Rc8 11. Nf3 Qf6 12. Bg3 a5 13. 0-0 a4 14. Qc2 Qg6 15. e4 f6 16. Nh4 Qf7 17. Rfe1 Bd6 18. e5 fxe5 19. Bxe5 Ne7 20. Bxd6 cxd6 21. Qe4 Rc4 22. Qe3 Rxh4 23. Qxb6 0-0 24. Qxd6 Qxf2+ 25. Kh1 Nf5 26. Qxf8+ Kxf8 27. Ne4 Ng3+ 28. Nxg3 Qxg3 0-1

[Event "GER-chT Betriebe"]
[White "Schmuck, Helmut"]
[Black "Barnack, Gerd"]
[Site "Berlin"]
[Round "3.3"]
[Result "1-0"]
[Date "2006.10.06"]
[WhiteElo "2101"]
[BlackElo "1826"]
[PlyCount "147"]
[EventDate "2006.10.05"]
[EventType "team-tourn"]
[EventRounds "7"]
[EventCountry "GER"]
[SourceTitle "EXT 2007"]
[Source "ChessBase"]
[SourceDate "2006.11.23"]
[SourceVersion "1"]
[SourceVersionDate "2006.11.23"]
[SourceQuality "1"]
[WhiteTeam "Coburg"]
[BlackTeam "Berlin Profi Schach Laden"]
[WhiteTeamCountry "GER"]
[BlackTeamCountry "GER"]

1. d4 g6 2. c4 Bg7 3. Nc3 d6 4. e4 Nc6 5. Be3 Nf6 6. f3 e5 7. d5 Nb8 8. Bd3 b6 9. Nge2 0-0 10. Qd2 Ne8 11. 0-0-0 f5 12. a3 a5 13. b3 Na6 14. Kb2 Nc5 15. Bc2 Nf6 16. h3 Bd7 17. Ra1 Qe7 18. b4 axb4 19. axb4 Na6 20. Nb5 c5 21. dxc6 Bxc6 22. Qxd6 Qxd6 23. Nxd6 Nxb4 24. exf5 Rfd8 25. Rxa8 Rxa8 26. Bb3 Nd3+ 27. Kc2 Nc5 28. Bxc5 bxc5 29. fxg6 hxg6 30. Nc3 Bh6 31. Nd5 Nxd5 32. cxd5 Bd7 33. Re1 Bf4 34. Kc3 Rb8 35. Nc4 Bg3 36. Re2 Bb5 37. Re4 Bf2 38. Nxe5 Bd4+ 39. Kc2 Kg7 40. Nc6 Rc8 41. Na7 Rb8 42. d6 Bd3+ 43. Kxd3 Rxb3+ 44. Kc4 Rb4+ 45. Kd5 Rb7 46. Re7+ Rxe7 47. dxe7 Kf7 48. Nc6 Be3 49. Kd6 Ke8 50. Na5 Bg5 51. Kxc5 Bxe7+ 52. Kd5 Bh4 53. Ke6 Kf8 54. Nc6 Kg7 55. Ne5 Bg3 56. Ng4 Bf4 57. Nf2 g5 58. Ne4 Kg6 59. g3 Be3 60. Ke5 Bc1 61. Nf2 Bd2 62. Nd3 Bc3+ 63. Ke4 Kh5 64. Kf5 Bd4 65. f4 gxf4 66. Nxf4+ Kh6 67. g4 Bf2 68. g5+ Kg7 69. Ng6 Bd4 70. h4 Kh7 71. Ne5 Bc3 72. h5 Kg7 73. h6+ Kh7 74. Nd7 1-0